00585nam a2200169 i 450000100060000000300090000600500170001500700030003200800410003510000320007624500850010826000290019330000220022285200320024499900170027695201220029343644ES-MaACL20230906160841.0t|030318s1969 sp ||||1| spa d1 aCervera Espinosa, A.93764010aAntropología filosófica b: ¿quién es el hombre? / cA. Cervera Espinosa. aMadrid : bFax, c[1969] a270 p. ; c20 cm. aES-MaACLjC-39404 bR.72182 c43644d43644 00104070aATENEOMbATENEOMcDEPO2d2008-01-17eSCl0oC-39404p1045942r2023-02-23 00:00:00w2023-02-23yMONOGRAFIA